Le crime et la peine / (Record no. 162603)

MARC details
000 -LEADER
campo de control de longitud fija 00711nam a22001935i 4500
001 - NÚMERO DE CONTROL
campo de control 162603
003 - IDENTIFICADOR DE NÚMERO DE CONTROL
campo de control ES-MaACL
005 - FECHA Y HORA DE LA ÚLTIMA TRANSACCIÓN
campo de control 20230906212549.0
008 - DATOS DE LONGITUD FIJA--INFORMACIÓN GENERAL
campo de control de longitud fija 940301s1899 fr |||| | fre d
040 ## - FUENTE DE CATALOGACIÓN
Centro catalogador/agencia de origen CAM
Lengua de catalogación spa
100 1# - ENTRADA PRINCIPAL--NOMBRE DE PERSONA
Nombre de persona Proal, Louis.
9 (RLIN) 94009
245 13 - MENCIÓN DEL TÍTULO
Título Le crime et la peine /
Mención de responsabilidad, etc. par Louis Proal...
250 ## - MENCION DE EDICION
Mención de edición 3\sa\p col. rev.
260 ## - PUBLICACIÓN, DISTRIBUCIÓN, ETC.
Lugar de publicación, distribución, etc. Paris :
Nombre del editor, distribuidor, etc. Félix Alcan,
Fecha de publicación, distribución, etc. 1899.
300 ## - DESCRIPCIÓN FÍSICA
Extensión XXXVI, 548, 32 p. ;
Dimensiones 23 cm.
650 #4 - PUNTO DE ACCESO ADICIONAL DE MATERIA--TÉRMINO DE MATERIA
Término de materia o nombre geográfico como elemento de entrada Delitos.
9 (RLIN) 166054
700 11 - ENTRADA AGREGADA--NOMBRE PERSONAL
Nombre de persona Alcan, Felix,
Término indicativo de función/relación
9 (RLIN) 125590
852 ## - LOCALIZACIÓN
Ubicación ES-MaACL
Número de control de estantería B-7034
Nota libre -- Enc. hol., conservando la cub. original
Encuadernación -- Edic.: corregir T250 3e éd. rev.
-- -- Edic.: este ejemp. no tiene al final 32 p. ¿No serán pp. de propaganda editorial?
Holdings
Estatus retirado Estado de pérdida Estado de daño No para préstamo Colección Biblioteca de origen Biblioteca actual Ubicación en estantería Fecha de adquisición Fuente de adquisición Total de préstamos Signatura topográfica completa Código de barras Visto por última vez Precio de reemplazo Tipo de ítem Koha
        Libros del s. XIX Biblioteca del Ateneo de Madrid Biblioteca del Ateneo de Madrid Sala Pardo Bazán 17/01/2008     B-7034 1170347 23/02/2023 23/02/2023 Libro impreso antiguo